Diseño geométrico y estructura de pavimento de 2.8 kilómetros, del tramo de carretera, Somotillo -comarca Santa Teresa Chinandega, aplicando el software autocad civil 3D 2018
La investigación presenta el diseño geométrico y estructura de pavimento, realiza un levantamiento topográfico que sirva de base para el diseño geométrico del tramo, hace un estudio de suelo en el tramo y en los bancos de préstamo cercanos con el fin de determinar las características físic...
| Main Authors: | , , |
|---|---|
| Other Authors: | |
| Format: | Tesis Section = Libro |
| Language: | Undetermined Spanish |
| Published: |
Managua
UNI
2020
|
| Subjects: |
| LEADER | 01421nam a2200289Ia 4500 | ||
|---|---|---|---|
| 008 | 240830s9999 xx 000 0 und d | ||
| 040 | |a BIBLIOTECA-RUPAP Mon 625.85 R696 | ||
| 041 | |a spa | ||
| 082 | |a Mon 625.85 R696 | ||
| 100 | 1 | |a Rodríguez Pineda, Eddys Iván | |
| 100 | 1 | |b Hernández Vallecillo, José Noel | |
| 100 | 1 | |c Torres Solís Jasser Paul | |
| 245 | 1 | 0 | |a Diseño geométrico y estructura de pavimento de 2.8 kilómetros, del tramo de carretera, Somotillo -comarca Santa Teresa Chinandega, aplicando el software autocad civil 3D 2018 |
| 260 | |a Managua |b UNI |c 2020 | ||
| 300 | |a 102 p. :il. | ||
| 500 | |a Contiene: anexos y CD. | ||
| 502 | |a Tesis (Ingeniero Civil)- UNI, 2020. | ||
| 520 | 3 | |a La investigación presenta el diseño geométrico y estructura de pavimento, realiza un levantamiento topográfico que sirva de base para el diseño geométrico del tramo, hace un estudio de suelo en el tramo y en los bancos de préstamo cercanos con el fin de determinar las características física-mecánicas, para analizar su implementación en la estructura de pavimento. | |
| 650 | 7 | |a PAVIMENTOS | |
| 650 | 7 | |b PAVIMENTOS-DISEÑO Y CONSTRUCCION | |
| 650 | 7 | |c ESTUDIO GEOMETRICO | |
| 650 | 7 | |d CARRETERAS-MANTENIMIENTO Y REPARACION | |
| 650 | 7 | |e ESTUDIO DE TRANSITO | |
| 700 | 1 | |a Tutor: |b Torres Rodríguez, Beatriz de los Ángeles | |
| 942 | |c BK |2 ddc | ||
| 991 | |a TESIS | ||
| 999 | |c 16139 | ||